skbl

Dr Suryya Kumar Bhuyan Library Web-OPAC
ডঃ সূৰ্য্য
কুমাৰ ভূঞা পুথিভঁৰাল ৱেব-অ'পেক

All Research Scholars are advised to clear the annual library fees to continue using Library Resources, Remote Access, Plagiarism Test and Library Clearance.

Cotton University Book Fair 2026

Axamiya Bhasha- Sahitya Charchakarisakalar Haat- Puthi (Record no. 58612)

MARC details
000 -LEADER
fixed length control field 00574nam a2200205Ia 4500
001 - CONTROL NUMBER
control field 58724
008 - FIXED-LENGTH DATA ELEMENTS--GENERAL INFORMATION
fixed length control field 150619n ii |||gr||||Z||||||asm
082 ## - DEWEY DECIMAL CLASSIFICATION NUMBER
Classification number 491.41
245 #0 - TITLE STATEMENT
Title Axamiya Bhasha- Sahitya Charchakarisakalar Haat- Puthi
Statement of responsibility, etc. Ramesh Pathak
Medium Textual Documents
250 ## - EDITION STATEMENT
Edition statement First Edn.
260 ## - PUBLICATION, DISTRIBUTION, ETC.
Place of publication, distribution, etc. Guwahati:
Name of publisher, distributor, etc. Spandan Prakash.
300 ## - PHYSICAL DESCRIPTION
Extent 103pg:
Dimensions 19cm.
653 ## - INDEX TERM--UNCONTROLLED
Uncontrolled term Assamese
653 ## - INDEX TERM--UNCONTROLLED
Uncontrolled term Deals with Common Error in Assamese
653 ## - INDEX TERM--UNCONTROLLED
Uncontrolled term Hyaat --Puthi
653 ## - INDEX TERM--UNCONTROLLED
Uncontrolled term Deptt-Assamese
653 ## - INDEX TERM--UNCONTROLLED
Uncontrolled term MS-Assamese
700 ## - ADDED ENTRY--PERSONAL NAME
Personal name Pathak,Ramesh.
942 ## - ADDED ENTRY ELEMENTS (KOHA)
Source of classification or shelving scheme Dewey Decimal Classification
Koha item type Books
Holdings
Withdrawn status Lost status Damaged status Not for loan Collection Home library Current library Shelving location Date acquired Coded location qualifier Cost, normal purchase price Total checkouts Full call number Barcode Date last seen Copy number Price effective from Koha item type
          Dr. Suryya Kumar Bhuyan Library Dr. Suryya Kumar Bhuyan Library   19/06/2015 00000 60.00   491.41 Pa 273 As 6219/as 14/01/2024 2 19/06/2015 Books
          Dr. Suryya Kumar Bhuyan Library Dr. Suryya Kumar Bhuyan Library   19/06/2015 00000 60.00   491.41 Pa 273 As 6216/as 14/01/2024 4 19/06/2015 Books
          Dr. Suryya Kumar Bhuyan Library Dr. Suryya Kumar Bhuyan Library   19/06/2015 00000 60.00   491.41 Pa 273 As 6217/As 14/01/2024 3 19/06/2015 Books
          Dr. Suryya Kumar Bhuyan Library Dr. Suryya Kumar Bhuyan Library   19/06/2015 00000 60.00   491.41 Pa 273 As 6218/as 14/01/2024 1 19/06/2015 Books

Designed and Maintained by Team SKBL
©1901-2026

Powered by Koha